|
|
|
|
| LEADER |
00000cas a2200000 a 4500 |
| 001 |
1/123418 |
| 008 |
210728c2021####gr |||||||||||| ||gre|| |
| 040 |
|
|
|a GR-MyUa
|b gre
|c GR-MyUa
|e AACR2
|
| 041 |
0 |
|
|a gre
|
| 082 |
7 |
|
|a 889.1
|2 (23)
|
| 245 |
0 |
0 |
|a Αντίθετα ρεύματα :
|c επιμέλεια : Μανώλης Μ. Στεργιούλης /
|
| 260 |
|
|
|a Αθήνα:
|b Κοράλλι,
|c 2021.
|
| 300 |
|
|
|a 31 σ. :
|b εικ. ;
|c 24 εκ.
|
| 310 |
|
|
|a Μηνιαίο,
|b 2021-
|
| 500 |
|
|
|a Το παράρτημα βιβλιοθήκης Ρόδου έχει στο αρχείο της το πρώτο τεύχος του περιοδικού: Τεύχος 1 (Απρίλιος 2021).
|
| 650 |
|
0 |
|a Greek poetry, Modern
|x History and criticism.
|
| 650 |
|
0 |
|a Greek poetry, Modern.
|
| 853 |
|
|
|a INST
|b RHODES
|c SER
|h 889.1
|
| 920 |
|
|
|a Χριστοδουλίδου
|b Λουίζα
|y Ρόδος
|z 01-07-2021
|
| 922 |
|
|
|a 4ΕΛΗ
|b 2021-06
|
| 970 |
|
|
|a Σιδερή
|b Νεκταρία
|z 28/07/2021
|